|
|
|
|
| LEADER |
01365nam a2200361 a 4500 |
| 001 |
EBC3384106 |
| 003 |
MiAaPQ |
| 005 |
20200520144314.0 |
| 006 |
m o d | |
| 007 |
cr cn||||||||| |
| 008 |
130614s2011 enka sb 001 0 eng d |
| 020 |
|
|
|z 9781906924515 (hardback)
|
| 020 |
|
|
|z 9781906924508 (pbk.)
|
| 020 |
|
|
|a 9781906924522 (electronic bk.)
|
| 035 |
|
|
|a (MiAaPQ)EBC3384106
|
| 035 |
|
|
|a (Au-PeEL)EBL3384106
|
| 035 |
|
|
|a (CaPaEBR)ebr10715021
|
| 035 |
|
|
|a (OCoLC)923318014
|
| 040 |
|
|
|a MiAaPQ
|c MiAaPQ
|d MiAaPQ
|
| 050 |
|
4 |
|a BT877
|b .L57 2011
|
| 100 |
1 |
|
|a Lisboa, Maria Manuel.
|
| 245 |
1 |
4 |
|a The end of the world
|h [electronic resource] :
|b apocalypse and its aftermath in Western culture /
|c Maria Manuel Lisboa.
|
| 260 |
|
|
|a Cambridge :
|b OpenBook Publishers,
|c 2011.
|
| 300 |
|
|
|a xxv, 194 p. :
|b ill.
|
| 504 |
|
|
|a Includes bibliographical references and index.
|
| 533 |
|
|
|a Electronic reproduction. Ann Arbor, MI : ProQuest, 2015. Available via World Wide Web. Access may be limited to ProQuest affiliated libraries.
|
| 650 |
|
0 |
|a End of the world.
|
| 650 |
|
0 |
|a Apocalypse in art.
|
| 650 |
|
0 |
|a Apocalypse in literature.
|
| 650 |
|
0 |
|a Apocalypse in motion pictures.
|
| 655 |
|
4 |
|a Electronic books.
|
| 710 |
2 |
|
|a ProQuest (Firm)
|
| 856 |
4 |
0 |
|u https://ebookcentral.proquest.com/lib/matrademy/detail.action?docID=3384106
|z Click to View
|